Teología pastoral hodegética / (Record no. 145469)

MARC details
000 -LEADER
campo de control de longitud fija 00538nam a2200169 4500
001 - NÚMERO DE CONTROL
campo de control 145469
003 - IDENTIFICADOR DE NÚMERO DE CONTROL
campo de control ES-MaACL
005 - FECHA Y HORA DE LA ÚLTIMA TRANSACCIÓN
campo de control 20230906201235.0
007 - CAMPO FIJO DE DESCRIPCIÓN FÍSICA--INFORMACIÓN GENERAL
campo de control de longitud fija t|
008 - DATOS DE LONGITUD FIJA--INFORMACIÓN GENERAL
campo de control de longitud fija 070214s1969 sp r ||||1| spa d
100 1# - ENTRADA PRINCIPAL--NOMBRE DE PERSONA
Nombre de persona Spiazzi, Raimondo.
9 (RLIN) 107711
245 10 - MENCIÓN DEL TÍTULO
Título Teología pastoral hodegética /
Mención de responsabilidad, etc. Raimundo Spiazzi ; traducción, revisión e índices de Javier de Abarzuzza.
260 ## - PUBLICACIÓN, DISTRIBUCIÓN, ETC.
Lugar de publicación, distribución, etc. Madrid :
Nombre del editor, distribuidor, etc. Studium,
Fecha de publicación, distribución, etc. 1969.
300 ## - DESCRIPCIÓN FÍSICA
Extensión XXIII, 661p. ;
Dimensiones 21 cm.
700 1# - ENTRADA AGREGADA--NOMBRE PERSONAL
Nombre de persona Abarzuzza, Javier de.
9 (RLIN) 17973
852 ## - LOCALIZACIÓN
Ubicación ES-MaACL
Número de control de estantería C-48357
Sublocalización o colección R.70348
Holdings
Estatus retirado Estado de pérdida Estado de daño No para préstamo Biblioteca de origen Biblioteca actual Ubicación en estantería Fecha de adquisición Fuente de adquisición Total de préstamos Signatura topográfica completa Código de barras Visto por última vez Precio de reemplazo Tipo de ítem Koha
        Biblioteca del Ateneo de Madrid Biblioteca del Ateneo de Madrid Depósito 2 17/01/2008     C-48357 1151845 23/02/2023 23/02/2023 Libro impreso